Sociální politika měsíčník Ministerstva práce a sociálních věcí České republiky
Saved in:
| Format: | Serial |
|---|---|
| Language: | Czech English |
| Published: |
Praha
SOCIOPRESS
1997
|
| Subjects: | |
| Tags: |
No Tags, Be the first to tag this record!
|
MARC
| LEADER | 00000nas2a2200000 4500 | ||
|---|---|---|---|
| 001 | s121385 | ||
| 005 | 20221221071549.2 | ||
| 022 | |a 0049-0961 | ||
| 041 | 0 | |a cze | |
| 041 | 0 | |a eng | |
| 044 | |a CZ | ||
| 245 | 1 | 0 | |a Sociální politika |b měsíčník Ministerstva práce a sociálních věcí České republiky |
| 264 | 1 | |a Praha |b SOCIOPRESS |c 1997 | |
| 300 | |a 1 zv. | ||
| 773 | 0 | |w eu_un_cat*s120022 | |
| 610 | 2 | 0 | |a politika sociálna |
| 610 | 2 | 0 | |a právo pracovné |